Hodnocení přínosů vyspělých technologií /

Hlavní autor: Hynek, Josef, 1965-
Korporativní autor: Univerzita Hradec Králové
Další autoři: Janeček, Václav, 1952-
Jazyk: Čeština
Vydáno: Hradec Králové : Gaudeamus, 2009
Vydání: Vyd. 1.
Témata:
Externí odkaz: Digitalizovaný dokument
Fyzický popis: 230 s. : il. ; 21 cm
Knihy
Uloženo v:
LEADER 02061nam a2200541 a 4500
001 nkc20092026349
003 CZ PrNK
005 20100329083605.0
007 ta
008 091217s2009 xr a f 000 0 cze
015 |a cnb002026349 
020 |a 978-80-7435-035-1  |q (brož.) 
035 |a (OCoLC)607525689 
040 |a OLA001  |b cze 
043 |a e-xr--- 
072 7 |a 658  |x Řízení a správa podniku  |2 Konspekt  |9 4 
080 |a 005.332.1  |2 MRF 
080 |a 62:001.892  |2 MRF 
080 |a 62:005.83  |2 MRF 
080 |a 658.5-025.21  |2 MRF 
080 |a (437.3)  |2 MRF 
080 |a (048.8:082)  |2 MRF 
100 1 |a Hynek, Josef,  |d 1965-  |7 ola2003206199  |4 aut 
245 1 0 |a Hodnocení přínosů vyspělých technologií /  |c Josef Hynek, Václav Janeček a kol. 
250 |a Vyd. 1. 
260 |a Hradec Králové :  |b Gaudeamus,  |c 2009 
300 |a 230 s. :  |b il. ;  |c 21 cm 
500 |a 320 výt. 
504 |a Obsahuje bibliografii a bibliografické odkazy 
550 |a Vydavatel: Univerzita Hradec Králové 
650 0 7 |a výkonnost podniku  |7 ph118506  |z Česko  |2 czenas 
650 0 7 |a technologický rozvoj  |7 ph306815  |z Česko  |2 czenas 
650 0 7 |a výrobní technologie  |7 ph116703  |z Česko  |2 czenas 
650 0 7 |a výrobní systémy  |7 ph127454  |z Česko  |2 czenas 
650 0 9 |a industrial productivity  |z Czechia  |2 eczenas 
650 0 9 |a technological development  |z Czechia  |2 eczenas 
650 0 9 |a manufacturing technology  |z Czechia  |2 eczenas 
650 0 9 |a manufacturing systems  |z Czechia  |2 eczenas 
655 7 |a kolektivní monografie  |7 fd501537  |2 czenas 
655 9 |a collective monographs  |2 eczenas 
700 1 |a Janeček, Václav,  |d 1952-  |7 mzk2006322691  |4 aut 
710 2 |a Univerzita Hradec Králové  |7 kn20010709470 
856 4 1 |u http://www.digitalniknihovna.cz/mzk/uuid/uuid:e8c34560-3263-11e4-8e0d-005056827e51  |y Digitalizovaný dokument  |x NDK 
910 2 |a BOA001  |b 2-1238.824 
990 |a BK 
995 |a 01 
991 |b 201003  |c NOV  |j 62 HYN 
996 6 |b 2610413056  |c 2-1238.824  |l MZK  |r Sklad / do 1 hodiny  |n 1  |p p.v.  |w 001110950  |u 000010  |a 1  |e BOA001  |j MZK50  |s P